000
00472nam a2200181Ia 4500
008
100917s9999 xx 000 0 und d
082
_b
3711
100
_a
जोशी रा. भा.
245
_a
काचेचे कवच
260
_b
---
_c
1949
300
_a
123
365
_b
2
520
_a
कादंबरी
630
_a
काचेचे कवच
650
_a
कादंबरी
730
_a
काचेचे कवच
942
_c
BOOK
999
_c
609105
_d
609102